[Event "Moscow-chT U26 final"]
[Site "Moscow"]
[Date "2010.11.30"]
[Round "9"]
[White "Trofimov, Sergey P"]
[Black "Popov, Ivan1111"]
[Result "0-1"]
[WhiteElo "2399"]
[BlackElo "2606"]
[PlyCount "66"]
[EventDate "2010.11.07"]
[EventType "team-tourn"]
[EventRounds "9"]
[EventCountry "RUS"]
[SourceTitle "EXT 2012"]
[Source "ChessBase"]
[SourceDate "2011.11.24"]
[SourceVersion "1"]
[SourceVersionDate "2011.11.24"]
[SourceQuality "1"]

1. d4 Nf6 2. c4 e6 3. Nf3 b6 4. g3 Ba6 5. b3 d5 6. Bg2 dxc4 7. Ne5 Bb4+ 8. Kf1 Bd6 9. Nxc4 Nd5 10. Bb2 f5 11. Nc3 c6 12. Nxd5 exd5 13. Nxd6+ Qxd6 14. a4 Nd7 15. Ba3 Qe6 16. Bf3 g5 17. Bh5+ Kd8 18. Bf3 Kc7 19. Ra2 Nf6 20. Bc1 h6 21. Rc2 Rae8 22. h4 f4 23. hxg5 hxg5 24. gxf4 g4 25. Bg2 Rxh1+ 26. Bxh1 Ne4 27. Kg1 g3 28. fxg3 Nxg3 29. Bf3 Nxe2+ 30. Kf2 Nxd4 31. Rc3 Qf6 32. Qh1 Nxf3 33. Qxf3 Qh4+ 0-1

[Event "Moscow-chT U26 final"]
[Site "Moscow"]
[Date "2010.11.07"]
[Round "1"]
[White "Trofimov, Sergey P"]
[Black "Krylov, Mikhail"]
[Result "0-1"]
[WhiteElo "2399"]
[BlackElo "2516"]
[PlyCount "62"]
[EventDate "2010.11.07"]
[EventType "team-tourn"]
[EventRounds "9"]
[EventCountry "RUS"]
[SourceTitle "CBM 139 Extra"]
[Source "ChessBase"]
[SourceDate "2011.01.05"]
[SourceVersion "1"]
[SourceVersionDate "2011.01.05"]
[SourceQuality "1"]

1. d4 Nf6 2. c4 c5 3. d5 b5 4. cxb5 a6 5. Nc3 axb5 6. e4 b4 7. Nb5 d6 8. Bc4 g6 9. e5 dxe5 10. d6 exd6 11. Bg5 Ra5 12. Nf3 Rxb5 13. Bxb5+ Bd7 14. Qa4 Bg7 15. Rd1 Qb6 16. Bxd7+ Nfxd7 17. Rd5 h6 18. Be3 0-0 19. Qd1 e4 20. Rxd6 Qc7 21. Nh4 Ne5 22. Qd5 Nd3+ 23. Ke2 Kh7 24. b3 Re8 25. Nxg6 fxg6 26. Re6 Qf7 27. Rd6 Qa7 28. Bd2 c4 29. bxc4 Qxf2+ 30. Kd1 Qxg2 31. Kc2 b3+ 0-1

[Event "EU-ch U16"]
[Site "Herceg Novi"]
[Date "2005.09.18"]
[Round "5"]
[White "Margvelashvili, Giorgi"]
[Black "Trofimov, Sergey P"]
[Result "1/2-1/2"]
[WhiteElo "2353"]
[BlackElo "2411"]
[PlyCount "46"]
[EventDate "2005.09.14"]
[EventType "swiss"]
[EventRounds "9"]
[EventCountry "YUG"]
[SourceTitle "CBM 108 Extra"]
[Source "ChessBase"]
[SourceDate "2005.11.04"]
[SourceVersion "1"]
[SourceVersionDate "2005.11.04"]
[SourceQuality "1"]

1. d4 Nf6 2. c4 e6 3. Nf3 b6 4. Bg5 Bb7 5. Nc3 Bb4 6. Nd2 h6 7. Bh4 c5 8. d5 Bxc3 9. bxc3 d6 10. e4 e5 11. Bd3 Nbd7 12. Bg3 g5 13. h4 Rg8 14. hxg5 hxg5 15. Qa4 Qe7 16. Nf1 Kd8 17. Ne3 Kc7 18. Kd2 Nf8 19. Nf5 Qe8 20. Qxe8 Rxe8 21. Nh6 Rg7 22. Nf5 Rg8 23. Nh6 Rg7 1/2-1/2

[Event "EU-ch U16"]
[Site "Herceg Novi"]
[Date "2005.09.14"]
[Round "1"]
[White "Can, Emre"]
[Black "Trofimov, Sergey P"]
[Result "0-1"]
[WhiteElo "2195"]
[BlackElo "2411"]
[PlyCount "92"]
[EventDate "2005.09.14"]
[EventType "swiss"]
[EventRounds "9"]
[EventCountry "YUG"]
[SourceTitle "CBM 108 Extra"]
[Source "ChessBase"]
[SourceDate "2005.11.04"]
[SourceVersion "1"]
[SourceVersionDate "2005.11.04"]
[SourceQuality "1"]

1. e4 c5 2. Nf3 d6 3. Bb5+ Bd7 4. Bxd7+ Qxd7 5. 0-0 Nc6 6. Qe2 Nf6 7. Rd1 e6 8. d4 cxd4 9. Nxd4 Be7 10. c4 Nxd4 11. Rxd4 Qc7 12. Nc3 a6 13. Be3 0-0 14. Rc1 Rfc8 15. b3 Nd7 16. Rdd1 b6 17. f3 Qb7 18. Bf4 Ne5 19. Bg3 Rd8 20. a4 Rac8 21. Kh1 Nc6 22. Rd2 Bg5 23. f4 Bf6 24. Qe3 Na5 25. Ne2 b5 26. cxb5 axb5 27. Rxc8 Rxc8 28. axb5 Qxb5 29. Rxd6 Qxb3 30. Qxb3 Nxb3 31. Kg1 h5 32. e5 Be7 33. Rd7 Rc2 34. Rxe7 Rxe2 35. Rd7 Nc5 36. Kf1 Rb2 37. Rd4 Kh7 38. Bf2 Kg6 39. Rc4 Nd3 40. Be3 Kf5 41. Rd4 Nb4 42. Rd7 Nd5 43. Bf2 Rb1+ 44. Be1 Ke4 45. Kf2 Rb2+ 46. Kg1 Nxf4 0-1

[Event "Wch U16"]
[Site "Belfort"]
[Date "2005.07.29"]
[Round "11"]
[White "Trofimov, Sergey P"]
[Black "Szabo, Krisztian"]
[Result "1/2-1/2"]
[WhiteElo "2411"]
[BlackElo "2422"]
[PlyCount "142"]
[EventDate "2005.07.19"]
[EventType "swiss"]
[EventRounds "11"]
[EventCountry "FRA"]
[SourceTitle "CBM 107 Extra"]
[Source "ChessBase"]
[SourceDate "2005.09.01"]
[SourceVersion "1"]
[SourceVersionDate "2005.09.01"]
[SourceQuality "1"]

1. d4 Nf6 2. c4 e6 3. Nf3 d5 4. g3 dxc4 5. Bg2 c5 6. 0-0 Nc6 7. Qa4 cxd4 8. Nxd4 Qxd4 9. Bxc6+ Bd7 10. Rd1 Bxc6 11. Qxc6+ bxc6 12. Rxd4 Rd8 13. Rxc4 Rd1+ 14. Kg2 Nd5 15. e4 Nb4 16. Nc3 Re1 17. Rb1 c5 18. Be3 Rxb1 19. Nxb1 Kd7 20. Bxc5 Bxc5 21. Rxc5 Rb8 22. b3 Nxa2 23. Ra5 Nc1 24. Rxa7+ Ke8 25. Nd2 Nxb3 26. Nc4 Rd8 27. e5 Kf8 28. Nd6 f6 29. Ne4 fxe5 30. Ng5 Nd4 31. Nxh7+ Kg8 32. Ng5 Rf8 33. Rd7 Rf5 34. f4 g6 35. h4 Ne2 36. Kf3 exf4 37. Kxe2 fxg3 38. Nh3 e5 39. Rc7 g2 40. Rc1 Rh5 41. Rc4 g5 42. Rg4 Rxh4 43. Rxg5+ Kf7 44. Nf2 Ke6 45. Rxg2 Kd5 46. Rg8 Ra4 47. Rd8+ Ke6 48. Ke3 Ra3+ 49. Nd3 Kf6 50. Rd6+ Kf5 51. Rd5 Kf6 52. Rc5 Rb3 53. Ke4 Rb1 54. Rc6+ Kg7 55. Nxe5 Re1+ 56. Kf5 Rf1+ 57. Ke4 Re1+ 58. Kd5 Rf1 59. Rg6+ Kh7 60. Ke6 Ra1 61. Rg3 Ra6+ 62. Kf5 Ra5 63. Rc3 Kg7 64. Rc7+ Kh6 65. Rb7 Rd5 66. Ke4 Rd1 67. Rb6+ Kg7 68. Nf3 Ra1 69. Ne5 Ra4+ 70. Kf5 Ra1 71. Rd6 Rf1+ 1/2-1/2

[Event "RUS Summer U16 2nd"]
[Site "Satka"]
[Date "2005.07.03"]
[Round "6"]
[White "Papin, Vasily"]
[Black "Trofimov, Sergey P"]
[Result "1-0"]
[WhiteElo "2440"]
[BlackElo "2410"]
[PlyCount "131"]
[EventDate "2005.06.27"]
[EventType "swiss"]
[EventRounds "9"]
[EventCountry "RUS"]
[SourceTitle "CBM 107 Extra"]
[Source "ChessBase"]
[SourceDate "2005.09.01"]
[SourceVersion "1"]
[SourceVersionDate "2005.09.01"]
[SourceQuality "1"]

1. e4 c5 2. Nf3 d6 3. d4 cxd4 4. Nxd4 Nf6 5. Nc3 e6 6. g4 a6 7. g5 Nfd7 8. Be3 b5 9. a3 Nb6 10. Rg1 N8d7 11. f4 Qc7 12. Qf3 Nc5 13. f5 e5 14. Nb3 Nca4 15. Nxa4 Nxa4 16. 0-0-0 Bb7 17. Bd2 Rc8 18. Bd3 Nc5 19. Na5 Ba8 20. Kb1 Be7 21. f6 Bd8 22. fxg7 Rg8 23. Nb3 Ne6 24. Bb4 Be7 25. Rc1 Bxg5 26. Bd2 Bxd2 27. Nxd2 Rxg7 28. Rxg7 Nxg7 29. Rg1 Ne6 30. Qf6 Qe7 31. Rg8+ Nf8 32. Qf5 Rd8 33. Be2 Qe6 34. Qxh7 Ke7 35. Qh5 Qf6 36. Rg1 Ng6 37. Rf1 Nf4 38. Qf3 Kf8 39. c4 Bc6 40. Rc1 Be8 41. Nf1 Qg6 42. Ng3 Rc8 43. Ka1 Bd7 44. Rc3 Qh6 45. Nf1 Qh4 46. Rc1 Nxe2 47. Qxe2 Rxc4 48. Rxc4 bxc4 49. Nd2 Qf4 50. Nxc4 Qc1+ 51. Ka2 Bb5 52. b3 Bxc4 53. bxc4 a5 54. Kb3 Ke7 55. Ka4 f6 56. Qd3 Qg1 57. h3 Qb6 58. h4 Qf2 59. h5 Qh2 60. Qf3 Qd2 61. Qb3 f5 62. exf5 Kf6 63. Qg3 Qc2+ 64. Kxa5 Qxc4 65. Qg6+ Ke7 66. Qe6+ 1-0

[Event "RUS Summer U16 2nd"]
[Site "Satka"]
[Date "2005.06.30"]
[Round "4"]
[White "Sirotine, Konstantin"]
[Black "Trofimov, Sergey P"]
[Result "1/2-1/2"]
[WhiteElo "2370"]
[BlackElo "2410"]
[PlyCount "27"]
[EventDate "2005.06.27"]
[EventType "swiss"]
[EventRounds "9"]
[EventCountry "RUS"]
[SourceTitle "CBM 107 Extra"]
[Source "ChessBase"]
[SourceDate "2005.09.01"]
[SourceVersion "1"]
[SourceVersionDate "2005.09.01"]
[SourceQuality "1"]

1. e4 c5 2. c3 Nf6 3. e5 Nd5 4. d4 cxd4 5. Nf3 Nc6 6. cxd4 d6 7. Bc4 Nb6 8. Bb5 dxe5 9. Nxe5 Bd7 10. Nxd7 Qxd7 11. Nc3 e6 12. 0-0 Be7 13. Qg4 0-0 14. Bxc6 1/2-1/2

[Event "Voronezh Master op"]
[Site "Voronezh"]
[Date "2003.06.13"]
[Round "2"]
[White "Trofimov, Sergey P"]
[Black "Rychagov, Andrey"]
[Result "0-1"]
[WhiteElo "2254"]
[BlackElo "2556"]
[PlyCount "72"]
[EventDate "2003.06.12"]
[EventType "swiss"]
[EventRounds "9"]
[EventCountry "RUS"]
[SourceTitle "CBM 094 Extra"]
[Source "ChessBase"]
[SourceDate "2003.07.09"]
[SourceVersion "2"]
[SourceVersionDate "2003.07.09"]
[SourceQuality "1"]

1. d4 f5 2. g3 Nf6 3. Bg2 g6 4. Nf3 Bg7 5. 0-0 0-0 6. b3 d6 7. Bb2 Qe8 8. Nbd2 Nc6 9. Nc4 e6 10. a4 a5 11. e3 Bd7 12. Nfd2 h6 13. Qe2 Nd8 14. Rae1 Bc6 15. f3 b5 16. axb5 Bxb5 17. e4 f4 18. Qd1 fxg3 19. hxg3 Nh5 20. Kh2 Nc6 21. Nb1 Qd8 22. f4 a4 23. Nba3 Bxc4 24. Nxc4 axb3 25. cxb3 Ra2 26. e5 Ne7 27. Qb1 Rxb2 28. Qxb2 Nf5 29. g4 Qh4+ 30. Kg1 Qxg4 31. Qd2 Nfg3 32. Rf3 Rxf4 33. Rxf4 Nxf4 34. Re3 Nxg2 35. Qxg2 Qd1+ 36. Kh2 Nf1+ 0-1